00977nam a2200217 i 450000100060000000300090000600500170001500700030003200800410003502000180007608000200009424501840011426000540029830000400035250001880039265000480058065500400062870000250066871000330069385200330072614964ES-MaACL20230906150940.0t|991122s1999 sp ||||1| spa d a84-89913-11-0 a095(460)(064.3)03aLa artesanía se hizo arte b: el taller de Galván, 1949-1999 : Palacio de Exposiciones y Congresos, Cádiz, abril de 1999 / cedición a cargo de Rosario Martínez López. a[Madrid] : bFundación Central Hispano, c1999. a228 p. : bil. col. y n. ; c30 cm. aExposición organizada por el Ayuntamiento de Cádiz con motivo del I Congreso Nacional sobre Bibliofilia, Encuadernación Artística, Restauración y Patrimonio Bibliográfico.14aEncuadernación-zEspaña-vExposiciones. 72tgfbneaCatálogos de exposiciones1 aMartínez, Rosario.2 aFundación Central Hispano. aES-MaACLjL-22103 bR.127383